Sound letters make. (Record no. 112811)
[ view plain ]
| 000 -LEADER | |
|---|---|
| fixed length control field | 00256nam a2200109 a 4500 |
| 005 - DATE AND TIME OF LATEST TRANSACTION | |
| control field | 20140414131952.0 |
| 008 - FIXED-LENGTH DATA ELEMENTS--GENERAL INFORMATION | |
| fixed length control field | 110207s19uu xx 00 eng d |
| 050 ## - LIBRARY OF CONGRESS CALL NUMBER | |
| Classification number | TR 428.4 |
| Item number | So8 2005 |
| 245 ## - TITLE STATEMENT | |
| Title | Sound letters make. |
| 440 ## - SERIES STATEMENT/ADDED ENTRY--TITLE | |
| Title | Phonics |
| Withdrawn status | Lost status | Damaged status | Home library | Current library | Shelving location | Date acquired | Total Checkouts | Full call number | Barcode | Date last seen | Price effective from | Koha item type |
|---|---|---|---|---|---|---|---|---|---|---|---|---|
| Munich Library | Munich Library | Teachers Reference Section | 02/07/2011 | TR 428.4 So8 2005 | M4202 | 04/14/2014 | 04/14/2014 | Books |